| Tag |
First Indicator |
Second Indicator |
Subfields |
| LEADER |
00000cam a2200000 4500 |
| 001 |
in00000021059 |
| 005 |
20151007060942.0 |
| 008 |
740528s1962 nyua 00010aeng u |
| 010 |
|
|
|a 61012588
|
| 035 |
|
|
|a (OCoLC)00896768
|
| 035 |
|
|
|9 AAD0668AM
|
| 040 |
|
|
|c KSU
|d TXA
|d UtOrBLW
|
| 049 |
|
|
|a TXAM
|c [345409]
|
| 050 |
0 |
0 |
|a ML410.S932
|b A34
|
| 092 |
|
|
|a 780.92
|b S9121
|
| 100 |
1 |
|
|a Stravinsky, Igor,
|d 1882-1971.
|
| 245 |
1 |
0 |
|a Expositions and developments /
|c [by] Igor Stravinsky and Robert Craft.
|
| 250 |
|
|
|a [1st ed.].
|
| 264 |
|
1 |
|a Garden City, N.Y. :
|b Doubleday,
|c 1962.
|
| 300 |
|
|
|a 192 pages :
|b illustrations ;
|c 22 cm.
|
| 336 |
|
|
|a text
|b txt
|2 rdacontent
|
| 337 |
|
|
|a unmediated
|b n
|2 rdamedia
|
| 338 |
|
|
|a volume
|b nc
|2 rdacarrier
|
| 650 |
|
0 |
|a Musicians
|v Biography.
|
| 700 |
1 |
|
|a Craft, Robert.
|
| 999 |
|
|
|a MARS
|
| 999 |
f |
f |
|s c3a8b717-02d6-3930-822e-422b200c4411
|i db1490eb-7cc2-3c51-8850-57d1bec8ccd5
|t 0
|
| 952 |
f |
f |
|p normal
|a Texas A&M University
|b College Station
|c Sterling C. Evans Library
|d Evans: Library Stacks
|t 0
|e ML410.S932 A34
|h Library of Congress classification
|i unmediated -- volume
|m A14801168052
|
| 998 |
f |
f |
|a ML410.S932 A34
|t 0
|l Evans: Library Stacks
|